00706nam a2200181Ia 4500008004100000020001800041041000800059082001700067100002000084245009500104260002300199300000800222365001600230700003300246906005400279999001900333952017200352230718s9999 xx 000 0 und d a9789350231890 aeng a006.7'6bCOL aCole A.9192172 aLearning Flex 4bGetting Up To Speed With Rich Internet Application Design And Development c2010bO'reilly/SPD a455 cRs.b675.00 aCole A. & Robison E.9192173 dO:0188422-Jul-2011B:823717-Jul-2011cCOMPb168.75 c328117d328117 00104070aCCEPbCCEPd2011-07-30eTechnical Book ServicesfCOMPg506.25i8237l0o006.7'6pCCEP-BK-39324r2023-07-18 00:00:00t168.75v675.00w2011-07-17yBKz039324